How to live the victorious life. (Record no. 13091)

000 -LEADER
fixed length control field 00632nam a2200205 a 4500
001 - CONTROL NUMBER
control field :::00010909$&:&@@
003 - CONTROL NUMBER IDENTIFIER
control field OkBaRHE
005 - DATE AND TIME OF LATEST TRANSACTION
control field 20010207113103.0
008 - FIXED-LENGTH DATA ELEMENTS--GENERAL INFORMATION
fixed length control field s1986 j 000 0 eng u
020 ## - INTERNATIONAL STANDARD BOOK NUMBER
International Standard Book Number 0310334810 (pbk.)
040 ## - CATALOGING SOURCE
Transcribing agency
100 1# - MAIN ENTRY--PERSONAL NAME
Personal name Unknown Christian.
245 10 - TITLE STATEMENT
Title How to live the victorious life.
260 ## - PUBLICATION, DISTRIBUTION, ETC. (IMPRINT)
Place of publication, distribution, etc Grand Rapids, MI., :
Name of publisher, distributor, etc Zondervan Publishing House
Date of publication, distribution, etc c1986
300 ## - PHYSICAL DESCRIPTION
Extent 127 p. ;
Dimensions 21 cm.
490 0# - SERIES STATEMENT
Series statement Clarion classics
650 ## - SUBJECT ADDED ENTRY--TOPICAL TERM
Topical term or geographic name as entry element Christian Life
General subdivision 1960-
942 ## - ADDED ENTRY ELEMENTS (KOHA)
Source of classification or shelving scheme
Koha item type Books
Copies
Lost status Koha item type Barcode Copy number Shelving location Withdrawn status Not for loan Source of classification or shelving scheme Damaged status Full call number Price effective from Date last seen Permanent Location Date acquired
 Books109091General Stacks    BV 4501.2 .U552010-04-142010-04-14RHEMA Bible Training College2010-04-14